Leave the City- Twenty One Pilots Lyrics Quiz - Statistics

General Stats
  • This quiz has been taken 54 times
  • The average score is 216 of 238
Answer Stats
Hint Answer % Correct
a
100%
alive
100%
city
100%
I
100%
[Verse 1] I'm
100%
in
100%
[Bridge] In
100%
know
100%
leave
100%
no
100%
stay
100%
that
100%
the
100%
[Verse 2] The
100%
time
100%
to
100%
will
100%
almost
95%
alone
95%
fire
95%
for
95%
it
95%
It's
95%
it's
95%
me
95%
now
95%
over
95%
[Chorus] | [Outro] They
95%
they
95%
this
95%
tired
95%
home
90%
not
90%
of
90%
tending
90%
Trench
90%
year
90%
all
85%
back
85%
change
85%
collected
85%
comes
85%
from
85%
I've
85%
mean
85%
up
85%
what
85%
beyond
80%
far
80%
glowing
80%
my
80%
pace
80%
show
80%
showing
80%
why
80%
barely
75%
but
75%
couldn't
75%
is
75%
[Verse 3] Last
75%
on
75%
one
75%
so
75%
take
75%
These
75%
though
75%
used
75%
when
75%
before
70%
ever
70%
faces
70%
goes
70%
have
70%
low
70%
needed
70%
shadows
70%
with
70%
burning
65%
'cause
65%
concerning
65%
details
65%
embers
65%
facin'
65%
gone
65%
hastily
65%
life
65%
moving
65%
out
65%
glorious
60%
hands
60%
only
60%
proof
55%
plans
50%
dancing
45%
singed
45%
No matching quizzes found
Score Distribution
Percent of People with Each Score
Percentile by Number Answered
Your Score History
You have not taken this quiz